| 000 | 00380cam a2200157ua 4500 | ||
|---|---|---|---|
| 003 | OSt | ||
| 008 | 250813b |||||||| |||| 00| 0 eng d | ||
| 041 | _aeng | ||
| 082 |
_a627.4 _bMAY/CA |
||
| 100 |
_aMayer, L . _97715 |
||
| 245 | _aCatastrophic flooding / | ||
| 260 |
_aLondon : _bBostan Allen&Unwin , _c1987. |
||
| 300 | _a410 ; . | ||
| 700 | 1 |
_aNash, D . _97716 |
|
| 942 | _cBK | ||
| 999 |
_c2741 _d2741 |
||